[Event "ChFraOpenD2011"]
[Site "Caen"]
[Date "2011.08.18"]
[Round "3.8"]
[White "Roux, Jean-Marie"]
[Black "Mills, Simon"]
[Result "0-1"]
[WhiteElo "1440"]
[BlackElo "1490"]
[PlyCount "84"]

1. e4 Nf6 2. Nc3 d5 3. exd5 Nxd5 4. Nxd5 Qxd5 5. Nf3 Bg4 6. Be2 Nc6 7. d3 e5 8.
c4 Qd7 9. Be3 Bb4+ 10. Nd2 Bxe2 11. Qxe2 O-O-O 12. O-O Qxd3 13. Qxd3 Rxd3 14.
Ne4 f5 15. Ng5 f4 16. Bc1 Nd4 17. h3 h6 18. Ne4 Ne2+ 19. Kh2 Rd4 20. f3 Rxc4
21. a3 Rxc1 22. Rfxc1 Nxc1 23. Rxc1 Be7 24. b4 Rd8 25. Nc3 Rd3 26. Nb5 c6 27.
Nxa7+ Kb8 28. Nxc6+ bxc6 29. Rxc6 Rxa3 30. Re6 Bf6 31. b5 Kb7 32. Rd6 Rb3 33.
Rd5 Kb6 34. Rd7 Rxb5 35. h4 Kc6 36. Rf7 Rb7 37. Rf8 Bxh4 38. Kh3 Bf6 39. Ra8
Rb1 40. Ra2 Kd7 41. Kg4 Ke6 42. Rd2 Rh1 0-1

[Event "ChFraOpenD2011"]
[Site "Caen"]
[Date "2011.08.18"]
[Round "3.9"]
[White "Ottl, Eric"]
[Black "Zwenger, Emmanuel"]
[Result "1/2-1/2"]
[WhiteElo "1484"]
[BlackElo "1400"]
[PlyCount "69"]

1. e4 e5 2. Nf3 Nc6 3. Bc4 Bc5 4. c3 d6 5. d4 Bb6 6. dxe5 dxe5 7. Qxd8+ Nxd8 8.
Nxe5 Nf6 9. Nd2 O-O 10. Bd3 a6 11. O-O Ne6 12. Nec4 Ba7 13. Ne3 b5 14. Nf5 Re8
15. Bc2 Bb7 16. b4 Rad8 17. Ng3 Ng5 18. Nf3 Ngxe4 19. Nxe4 Bxe4 20. Bxe4 Nxe4
21. Bb2 Rd3 22. Rae1 Kf8 23. Nd4 Nxc3 24. Nb3 Ne4 25. Nc5 Nxc5 26. Bxg7+ Kxg7
27. Rxe8 Ne6 28. Ra8 Bb6 29. Re8 Nd4 30. Rc1 Rd2 31. Kf1 Rxa2 32. Rc3 Nf5 33.
Re2 Ra1+ 34. Re1 Ra2 35. Re2 1/2-1/2

[Event "ChFraOpenD2011"]
[Site "Caen"]
[Date "2011.08.18"]
[Round "3.10"]
[White "Wolfangel, Jocelyne"]
[Black "Paris, Christophe"]
[Result "1-0"]
[WhiteElo "1438"]
[BlackElo "1480"]
[PlyCount "69"]

1. d4 g6 2. Nf3 Bg7 3. c4 b5 4. e3 Nf6 5. cxb5 a6 6. Nc3 axb5 7. Bxb5 c6 8. Bd3
d6 9. O-O h6 10. Qc2 g5 11. Ne4 Nxe4 12. Bxe4 d5 13. Bd3 Bg4 14. Ne1 e6 15. f3
Bf5 16. Bxf5 exf5 17. Qxf5 Ra7 18. Qc2 O-O 19. b3 f5 20. Bb2 h5 21. Nd3 Qc7 22.
Nc5 Qd6 23. Nd3 Nd7 24. a4 Rc7 25. b4 g4 26. fxg4 hxg4 27. Nc5 Bh6 28. Bc1 f4
29. Nxd7 Rxd7 30. exf4 Bxf4 31. Bxf4 Rxf4 32. Rxf4 Qxf4 33. Qg6+ Kh8 34. Qe8+
Kh7 35. Qxd7+ 1-0

[Event "ChFraOpenD2011"]
[Site "Caen"]
[Date "2011.08.19"]
[Round "4.1"]
[White "Barde, Quentin"]
[Black "Dupeux, Simeon"]
[Result "0-1"]
[WhiteElo "1500"]
[BlackElo "1493"]
[PlyCount "94"]
[EventDate "2011.??.??"]

1. d4 Nf6 2. c4 g6 3. Bg5 Bg7 4. Nf3 d5 5. Nc3 Ne4 6. e3 O-O 7. Qb3 c6 8. cxd5
cxd5 9. Qxd5 Nxc3 10. Qxd8 Rxd8 11. bxc3 f6 12. Bc4+ Kf8 13. Bf4 b6 14. Rc1 Bb7
15. Be2 h5 16. h4 Nd7 17. Rh2 Rac8 18. Kd1 e5 19. Bg3 Kf7 20. Nd2 Bd5 21. e4
Bb7 22. d5 Nc5 23. Rc2 Bh6 24. f3 Bxd2 25. Kxd2 Na4 26. Bb5 Bxd5 27. Ke3 Rxc3+
28. Rxc3 Nxc3 29. exd5 Nxb5 30. f4 exf4+ 31. Bxf4 Rxd5 32. g3 Nc3 33. Rc2 Rc5
34. Kd3 Nd5 35. Rxc5 Nxf4+ 36. Kc4 bxc5 37. gxf4 Ke6 38. Kxc5 Kf5 39. Kb5 Kxf4
40. Ka6 Kg4 41. Kxa7 f5 42. a4 f4 43. a5 f3 44. a6 f2 45. Kb7 f1=Q 46. a7 Qf7+
47. Kb6 Qxa7+ 0-1

[Event "ChFraOpenD2011"]
[Site "Caen"]
[Date "2011.08.19"]
[Round "4.2"]
[White "Mills, Simon"]
[Black "Caldarola, Stephane"]
[Result "1/2-1/2"]
[WhiteElo "1490"]
[BlackElo "1499"]
[PlyCount "39"]

1. e4 c5 2. Nf3 d6 3. d4 cxd4 4. Qxd4 Nc6 5. Bb5 Bd7 6. Bxc6 Bxc6 7. Bg5 Nf6 8.
Nc3 e5 9. Qc4 Be7 10. Bxf6 Bxf6 11. Nd5 Qa5+ 12. c3 Bxd5 13. Qxd5 Qxd5 14. exd5
Kd7 15. Nd2 Rhc8 16. Ke2 g6 17. Kd3 Be7 18. Rhe1 f5 19. f3 Bg5 20. Re2 1/2-1/2

[Event "ChFraOpenD2011"]
[Site "Caen"]
[Date "2011.08.19"]
[Round "4.3"]
[White "Raffaelli, Alain"]
[Black "Pagandet, Eric"]
[Result "0-1"]
[WhiteElo "1445"]
[BlackElo "1499"]
[PlyCount "52"]
[EventDate "2011.??.??"]

1. e4 e5 2. Nf3 Nc6 3. Bc4 Nf6 4. Ng5 d5 5. exd5 Na5 6. Bb5+ Bd7 7. Bxd7+ Qxd7
8. O-O Nxd5 9. Nf3 Nc6 10. Nc3 Be7 11. Re1 f6 12. Nh4 O-O-O 13. Nxd5 Qxd5 14.
Nf5 Bc5 15. Qg4 Kb8 16. Ne3 Qf7 17. c3 h5 18. Qf3 g5 19. b4 g4 20. Qe4 Bxe3 21.
dxe3 f5 22. Qc2 Qc4 23. a3 g3 24. fxg3 h4 25. gxh4 Qxh4 26. g3 Qg4 {suite
illisible} 0-1

[Event "ChFraOpenD2011"]
[Site "Caen"]
[Date "2011.08.19"]
[Round "4.4"]
[White "Kneib, Bernard"]
[Black "Wolfangel, Jocelyne"]
[Result "1-0"]
[WhiteElo "1498"]
[BlackElo "1438"]
[PlyCount "131"]

1. e4 d5 2. exd5 Qxd5 3. Nc3 Qd6 4. Nf3 Nf6 5. d4 a6 6. h3 b5 7. Ne2 Bb7 8. Ng3
e6 9. c3 Be7 10. Be2 O-O 11. O-O Nc6 12. Bg5 b4 13. Rb1 a5 14. Bxf6 Bxf6 15.
Ne4 Qd8 16. Nxf6+ Qxf6 17. Re1 Rad8 18. Qc2 bxc3 19. bxc3 Ba8 20. Rb5 Rb8 21.
Reb1 Rxb5 22. Rxb5 Rb8 23. Qb1 Qd8 24. Ng5 g6 25. Ne4 Kg7 26. f3 Rxb5 27. Qxb5
Qb8 28. Qxb8 Nxb8 29. Bb5 Bc6 30. Bxc6 Nxc6 31. a4 Nb8 32. Kf2 Nd7 33. Ke3 f5
34. Nd2 Nb6 35. Kd3 Nxa4 36. Nc4 Nb6 37. Nxa5 Nd5 38. g3 h5 39. h4 Kf6 40. Nc6
g5 41. c4 Nb6 42. hxg5+ Kxg5 43. Ne5 Kf6 44. Kc3 Ke7 45. Ng6+ Kf7 46. Nf4 Nd7
47. Nxh5 Kg6 48. Nf4+ Kf6 49. d5 exd5 50. Nxd5+ Ke6 51. Nxc7+ Kd6 52. Nb5+ Ke6
53. Nc7+ Kd6 54. Nb5+ Ke5 55. Nd4 Kf6 56. f4 Nc5 57. Ne2 Ne4+ 58. Kd4 Ke6 59.
c5 Nf6 60. Nc3 Nh5 61. Ne2 Nf6 62. c6 Nd5 63. Kc5 Nc7 64. Nd4+ Kf6 65. Kd6 Ne8+
66. Kd7 1-0

[Event "ChFraOpenD2011"]
[Site "Caen"]
[Date "2011.08.19"]
[Round "4.5"]
[White "Frederic, Christine"]
[Black "Ottl, Eric"]
[Result "0-1"]
[WhiteElo "1492"]
[BlackElo "1484"]
[PlyCount "90"]

1. e4 e5 2. d4 exd4 3. Qxd4 Nc6 4. Qe3 Nf6 5. Nc3 Bb4 6. Bd2 O-O 7. O-O-O Re8
8. Bc4 Na5 9. Bd3 d5 10. Qf4 Bd6 11. Qh4 dxe4 12. Nxe4 Nxe4 13. Qxd8 Rxd8 14.
Bxe4 Nc4 15. Bc3 Bf4+ 16. Bd2 Bxd2+ 17. Kb1 Bg5 18. Rxd8+ Bxd8 19. Nf3 Nd6 20.
Rd1 Bg4 21. Re1 Nxe4 22. Rxe4 Be6 23. Nd4 Bf6 24. Nxe6 fxe6 25. Rxe6 Rd8 26.
Re1 Rd2 27. Rf1 Bd4 28. Kc1 Rxf2 29. Rxf2 Bxf2 30. Kd2 Kf7 31. Kd3 Kf6 32. Ke4
Ke6 33. g4 g6 34. c3 b5 35. Kf3 Bg1 36. h3 Ke5 37. h4 c5 38. b3 a5 39. Kg2 Kf4
40. Kxg1 Kxg4 41. Kg2 h6 42. a3 Kf4 43. b4 axb4 44. axb4 cxb4 45. cxb4 Ke4 0-1

[Event "ChFraOpenD2011"]
[Site "Caen"]
[Date "2011.08.19"]
[Round "4.6"]
[White "Zwenger, Emmanuel"]
[Black "Buyukyalcin-Moussa, Kadir"]
[Result "0-1"]
[WhiteElo "1400"]
[BlackElo "1490"]
[PlyCount "63"]

1. e4 e6 2. d4 d5 3. Nd2 Nf6 4. e5 Nfd7 5. Ngf3 c5 6. c3 Nc6 7. Be2 cxd4 8.
cxd4 Qb6 9. Nb3 Be7 10. O-O O-O 11. Bd2 a5 12. a4 Nb4 13. h4 h6 14. g4 Qd8 15.
g5 hxg5 16. Nxg5 Re8 17. Qb1 Nf8 18. f4 g6 19. Kg2 Bd7 20. Rh1 Rc8 21. Qf1 Nc2
22. Rc1 Bxa4 23. Qf3 Bxb3 24. Bc3 Nxd4 25. Bxd4 Bc4 26. h5 Bxe2 27. Qxe2 Rxc1
28. Rxc1 Bxg5 29. fxg5 Qxg5+ 30. Kh3 Qxc1 31. hxg6 Nxg6 32. Kg4 0-1

[Event "ChFraOpenD2011"]
[Site "Caen"]
[Date "2011.08.19"]
[Round "4.8"]
[White "Helie, Raymond"]
[Black "Roman, Sylvian"]
[Result "0-1"]
[WhiteElo "1499"]
[BlackElo "1406"]
[PlyCount "82"]

1. e4 e5 2. d4 exd4 3. Qxd4 Nc6 4. Qc4 Nf6 5. f3 Be7 6. c3 O-O 7. Nd2 d6 8. Ne2
Ne5 9. Qd4 c5 10. Qe3 b5 11. b3 Nh5 12. g4 Bg5 13. Qg1 Bxd2+ 14. Kxd2 Nxf3+ 15.
Kd1 Nxg1 16. Rxg1 Nf6 17. Bg5 h6 18. Bh4 g5 19. Bf2 Nxe4 20. Be3 Re8 21. Kc2
Rb8 22. a3 a5 23. Bd2 Nf2 24. h3 f5 25. Be1 Ne4 26. Ng3 Nxg3 27. Rxg3 f4 28.
Rd3 Bb7 29. Rd2 Be4+ 30. Kb2 Qf6 31. Rad1 Re6 32. Re2 Bf3 33. Rxe6 Qxe6 34. Rc1
a4 35. c4 b4 36. axb4 cxb4 37. bxa4 Qe5+ 38. Kb3 Qe3+ 39. Kb2 Qa3+ 40. Kc2 Be4+
41. Kd2 Qe3+ 0-1

[Event "ChFraOpenD2011"]
[Site "Caen"]
[Date "2011.08.19"]
[Round "4.9"]
[White "Paris, Christophe"]
[Black "Doucet, Claude"]
[Result "1-0"]
[WhiteElo "1480"]
[BlackElo "1402"]
[PlyCount "61"]

1. e4 e6 2. f4 d5 3. e5 Nc6 4. Nf3 Bd7 5. d4 h6 6. h4 Qe7 7. a3 f6 8. Bd3 O-O-O
9. b4 Be8 10. h5 f5 11. Bd2 Nb8 12. b5 Nd7 13. Bb4 Qf7 14. c3 Bxb4 15. axb4 Nb8
16. Rxa7 c6 17. b6 g6 18. c4 gxh5 19. Qc2 Qg7 20. b5 Qg3+ 21. Kf1 Ne7 22. Qa2
Qxf4 23. Nbd2 Qe3 24. Be2 Rd7 25. Ra8 Kd8 26. Rxb8+ Nc8 27. Rxc8+ Ke7 28. bxc6
bxc6 29. Rc7 Rxc7 30. bxc7 Bd7 31. cxd5 1-0

[Event "ChFraOpenD2011"]
[Site "Caen"]
[Date "2011.08.19"]
[Round "4.10"]
[White "Lenen, Pierre"]
[Black "Pellegrini, Quentin"]
[Result "1/2-1/2"]
[WhiteElo "1391"]
[BlackElo "1480"]
[PlyCount "64"]

1. e4 e6 2. Nf3 d5 3. exd5 exd5 4. d4 Bd6 5. Bd3 Nf6 6. Nbd2 Bg4 7. O-O O-O 8.
Re1 Re8 9. c3 c5 10. Qc2 Bxf3 11. Rxe8+ Qxe8 12. Nxf3 cxd4 13. cxd4 Qc6 14. Be3
Qxc2 15. Bxc2 Nc6 16. Bb3 Rc8 17. Rc1 Rc7 18. a3 Ne7 19. Rxc7 Bxc7 20. Bg5 Bb6
21. Bxf6 gxf6 22. Kf1 Nc6 23. Bxd5 Nxd4 24. Bxb7 Nxf3 25. gxf3 Bd4 26. b4 Kf8
27. Be4 h6 28. Ke2 Bb2 29. a4 Ke7 30. Bd5 Bc3 31. b5 Ba5 32. f4 f5 1/2-1/2

[Event "ChFraOpenD2011"]
[Site "Caen"]
[Date "2011.08.20"]
[Round "5.1"]
[White "Pagandet, Eric"]
[Black "Kneib, Bernard"]
[Result "0-1"]
[WhiteElo "1499"]
[BlackElo "1498"]
[PlyCount "100"]
[EventDate "2011.??.??"]

1. e4 c5 2. Nc3 Nc6 3. Nf3 d6 4. g3 g6 5. d3 Bg7 6. Be3 e5 7. Qd2 Nge7 8. Bh6
O-O 9. Bxg7 Kxg7 10. h4 h5 11. Be2 Bg4 12. Nh2 Bxe2 13. Qxe2 Nd4 14. Qd2 f5 15.
O-O-O b5 16. exf5 Nexf5 17. g4 Nxh4 18. gxh5 gxh5 19. Nd5 Ndf3 20. Nxf3 Nxf3
21. Qe2 Kh6 22. Rh3 Qg5+ 23. Kb1 Ng1 24. f4 Nxe2 25. fxg5+ Kxg5 26. Rh2 Nf4 27.
Ne3 Rg8 28. b3 Raf8 29. Kb2 Kf6 30. Rf1 Ke6 31. Rhf2 Rf7 32. Kc3 Rgf8 33. Nd1
Nd5+ 34. Kd2 Rxf2+ 35. Nxf2 Rf5 36. a3 Nf6 37. Ke2 Ng4 38. Nxg4 Rxf1 39. Kxf1
hxg4 40. Kf2 Kf5 41. Kg3 d5 42. c3 a6 43. b4 c4 44. dxc4 dxc4 45. Kf2 Kf4 46.
Kg2 e4 47. Kf2 g3+ 48. Kg2 e3 49. Kf1 Kf3 50. Ke1 g2 0-1

[Event "ChFraOpenD2011"]
[Site "Caen"]
[Date "2011.08.20"]
[Round "5.2"]
[White "Dupeux, Simeon"]
[Black "Caldarola, Stephane"]
[Result "1-0"]
[WhiteElo "1493"]
[BlackElo "1499"]
[PlyCount "95"]
[EventDate "2011.??.??"]

1. e4 c5 2. Nf3 d6 3. d4 cxd4 4. Nxd4 Nf6 5. Nc3 a6 6. a4 Qc7 7. Be2 g6 8. Be3
Bg7 9. f3 Nbd7 10. Qd2 Ne5 11. Bh6 O-O 12. Bxg7 Kxg7 13. g4 Nc4 14. Bxc4 Qxc4
15. h4 h5 16. gxh5 Nxh5 17. O-O-O b5 18. a5 Rh8 19. Qg5 f6 20. Qg2 Kf7 21. Rhg1
Rh6 22. Nde2 Bd7 23. Rd5 Rf8 24. f4 b4 25. b3 Qc7 26. Na2 e6 27. Rd4 Qxa5 28.
Rxd6 Bb5 29. Kb1 Qc7 30. Rgd1 Rc8 31. R1d2 a5 32. Qg4 Ng7 33. Ng3 Rch8 34. f5
gxf5 35. exf5 e5 36. Qe4 Rb8 37. Qd5+ Kf8 38. Ne4 Ne8 39. Re6 Ng7 40. Rxf6+
Rxf6 41. Nxf6 Ke7 42. Ng4 Nxf5 43. Nxe5 Be8 44. Re2 Kf6 45. Ng4+ Kg6 46. Re6+
Kg7 47. Qxf5 Qf7 48. Qg5+ 1-0

[Event "ChFraOpenD2011"]
[Site "Caen"]
[Date "2011.08.20"]
[Round "5.3"]
[White "Buyukyalcin-Moussa, Kadir"]
[Black "Mills, Simon"]
[Result "1-0"]
[WhiteElo "1490"]
[BlackElo "1490"]
[PlyCount "53"]

1. e4 d6 2. d4 Nf6 3. Nc3 Nbd7 4. f4 e5 5. fxe5 dxe5 6. Nf3 exd4 7. Nxd4 Bb4 8.
Bd3 Nc5 9. Bg5 Qxd4 10. Bb5+ Bd7 11. Qxd4 Bxc3+ 12. Qxc3 Nfxe4 13. Bxd7+ Nxd7
14. Qxg7 Rf8 15. O-O-O Nxg5 16. Qxg5 f6 17. Rhe1+ Ne5 18. Qh5+ Rf7 19. Rxe5+
fxe5 20. Rf1 Kd7 21. Rxf7+ Kd6 22. Qh6+ Kd5 23. Rf8 Rxf8 24. Qxf8 Ke4 25. Kd1
Ke3 26. Ke1 e4 27. Qf2# 1-0

[Event "ChFraOpenD2011"]
[Site "Caen"]
[Date "2011.08.20"]
[Round "5.4"]
[White "Ottl, Eric"]
[Black "Barde, Quentin"]
[Result "1-0"]
[WhiteElo "1484"]
[BlackElo "1500"]
[PlyCount "119"]
[EventDate "2011.??.??"]

1. e4 e6 2. d4 d5 3. exd5 exd5 4. c4 c5 5. cxd5 Qxd5 6. Nc3 Qxd4 7. Qxd4 cxd4
8. Nb5 Kd8 9. Bf4 Bb4+ 10. Kd1 Na6 11. Rc1 Ba5 12. Bd3 Bd7 13. Nd6 Nb4 14.
Nxb7+ Ke8 15. Be4 Nf6 16. Nd6+ Ke7 17. Bxa8 Nd3 18. Nc4 Rxa8 19. Rc2 Nxf4 20.
Nxa5 d3 21. Rc4 Ne6 22. Nf3 Rb8 23. b3 Rb5 24. Nc6+ Bxc6 25. Rxc6 Ra5 26. a4
Ne4 27. Rf1 Rd5 28. Nd2 N4c5 29. Re1 Kd7 30. Rcxe6 Nxe6 31. Nc4 Nd4 32. Re5
Rxe5 33. Nxe5+ Ke6 34. Nxd3 Nxb3 35. Kc2 Nd4+ 36. Kc3 Nc6 37. Kc4 Kd6 38. Kb5
Kc7 39. Ka6 Kb8 40. Nc5 f6 41. Nd7+ Kc7 42. Nf8 Kd6 43. Nxh7 Kc5 44. Nf8 Kb4
45. Kb7 a5 46. Nd7 Ne5 47. Nb6 Nc4 48. Nxc4 Kxc4 49. Kc6 Kb4 50. Kd5 Kxa4 51.
Kc4 Ka3 52. Kc3 a4 53. h4 Ka2 54. Kc2 a3 55. h5 Ka1 56. Kc1 a2 57. g4 f5 58.
gxf5 g6 59. f6 gxh5 60. f7 1-0

[Event "ChFraOpenD2011"]
[Site "Caen"]
[Date "2011.08.20"]
[Round "5.5"]
[White "Truphemus, Serge"]
[Black "Lagel, Nicolas"]
[Result "0-1"]
[WhiteElo "1499"]
[BlackElo "1428"]
[PlyCount "98"]
[EventDate "2011.??.??"]

1. e4 c5 2. Nc3 Nc6 3. Nf3 e6 4. Bc4 Nf6 5. d3 d5 6. exd5 exd5 7. Bb5 d4 8.
Bxc6+ bxc6 9. Ne4 Nxe4 10. dxe4 Be7 11. h3 O-O 12. Qd3 Qb6 13. Ne5 Bf6 14. Nc4
Qc7 15. g4 Be6 16. Bd2 Bxc4 17. Qxc4 Qb6 18. O-O-O Rfb8 19. b3 Qb5 20. Bf4 Qxc4
21. bxc4 Rb4 22. g5 Be7 23. Rd3 Rxc4 24. Kd2 Rb4 25. h4 f6 26. Rhh3 fxg5 27.
hxg5 Rf8 28. Rhf3 Rxf4 29. Rxf4 Bxg5 30. Rdf3 Bxf4+ 31. Rxf4 Rb8 32. e5 Rf8 33.
Rxf8+ Kxf8 34. Kd3 Ke7 35. Kc4 h5 36. f4 h4 37. Kxc5 h3 38. Kxd4 h2 39. c4 h1=Q
40. Kc5 Qf3 41. a4 Qxf4 42. Kxc6 Qxc4+ 43. Kb7 Qxa4 44. Kb8 Qd7 45. Ka8 Ke6 46.
Kb8 Kd5 47. e6 Qe7 48. Ka8 Kc6 49. Kb8 Qb7# 0-1

[Event "ChFraOpenD2011"]
[Site "Caen"]
[Date "2011.08.20"]
[Round "5.6"]
[White "Roman, Sylvian"]
[Black "Paris, Christophe"]
[Result "1-0"]
[WhiteElo "1406"]
[BlackElo "1480"]
[PlyCount "66"]

1. e4 g6 2. d4 Bg7 3. Nf3 b6 4. Nc3 Bb7 5. Bd3 d6 6. O-O Nd7 7. Rb1 h6 8. Ne2
g5 9. c3 c5 10. Be3 e6 11. dxc5 bxc5 12. Bb5 g4 13. Nd2 Ngf6 14. Ng3 h5 15. Nc4
Nxe4 16. Nxe4 d5 17. Ned6+ Kf8 18. Nxb7 Qc7 19. Ncd6 Be5 20. Bxd7 Qxd7 21. Bxc5
Kg7 22. Bd4 f6 23. Bxe5 fxe5 24. c4 d4 25. c5 Qc6 26. Rc1 Rhf8 27. Qd2 Kg6 28.
Qd3+ Rf5 29. Nxf5 exf5 30. Nd6 Rf8 31. Rfe1 e4 32. Qxd4 h4 33. Nxe4 fxe4 1-0

[Event "ChFraOpenD2011"]
[Site "Caen"]
[Date "2011.08.20"]
[Round "5.7"]
[White "Rivollier, Frederic"]
[Black "Jacquet, Damien"]
[Result "1/2-1/2"]
[WhiteElo "1469"]
[BlackElo "1333"]
[PlyCount "45"]

1. b3 c5 2. Bb2 Nc6 3. e3 d5 4. Bb5 a6 5. Bxc6+ bxc6 6. Nf3 Bg4 7. h3 Bh5 8. g4
Bg6 9. d3 f6 10. Nbd2 e5 11. Nh4 Bf7 12. Nf5 g6 13. Ng3 Bd6 14. e4 Bc7 15. Qe2
Ba5 16. O-O h5 17. Kg2 Qd7 18. f3 Ne7 19. Rad1 Qc7 20. Qf2 Bb6 21. Qe1 h4 22.
Ne2 g5 23. c4 1/2-1/2

[Event "ChFraOpenD2011"]
[Site "Caen"]
[Date "2011.08.20"]
[Round "5.8"]
[White "Apap, Titouan"]
[Black "Wild, Christophe"]
[Result "1-0"]
[WhiteElo "1387"]
[BlackElo "1460"]
[PlyCount "59"]

1. d4 d5 2. c4 c6 3. cxd5 cxd5 4. Nc3 e6 5. e3 Nf6 6. Nf3 Bd6 7. Ne5 O-O 8. Bd3
Nbd7 9. f4 a6 10. O-O Ne8 11. e4 Nb6 12. exd5 Nxd5 13. Nxd5 exd5 14. Qh5 Nf6
15. Qe2 b5 16. h4 Re8 17. f5 Qc7 18. Bf4 Bb7 19. Rf3 h6 20. Rg3 Bxe5 21. dxe5
Qc5+ 22. Kh2 Qd4 23. Bxh6 Qxh4+ 24. Rh3 Ng4+ 25. Kg1 Qf2+ 26. Qxf2 Nxf2 27.
Kxf2 gxh6 28. Rxh6 Rxe5 29. Rah1 Kg7 30. f6+ 1-0

[Event "ChFraOpenD2011"]
[Site "Caen"]
[Date "2011.08.20"]
[Round "5.9"]
[White "Cepisul, Karen"]
[Black "Hazarabedian, Guy"]
[Result "0-1"]
[WhiteElo "1370"]
[BlackElo "1454"]
[PlyCount "108"]

1. d4 c6 2. c4 e6 3. Nc3 d5 4. a3 Nf6 5. Nf3 Be7 6. Bg5 O-O 7. e3 Nbd7 8. Bd3
dxc4 9. Bxc4 Nd5 10. Bxe7 Qxe7 11. Nxd5 cxd5 12. Bb3 b6 13. O-O Bb7 14. Qd3
Rfc8 15. Bc2 Nf8 16. Rfe1 Rc7 17. Re2 Rac8 18. Rae1 Ba6 19. Qxa6 Rxc2 20. Rxc2
Rxc2 21. Qd3 Qc7 22. h3 Rxb2 23. Re2 Rxe2 24. Qxe2 Qc1+ 25. Kh2 Qxa3 26. e4
dxe4 27. Qxe4 Qd6+ 28. Kh1 Qd5 29. Qf4 Qb7 30. h4 Ng6 31. Qg4 Qc7 32. h5 Qf4
33. Qh3 Qc1+ 34. Kh2 Ne7 35. Qg3 Qc8 36. h6 Nf5 37. Qf4 Nxh6 38. g4 f6 39. g5
fxg5 40. Nxg5 Qf8 41. Qe4 Qxf2+ 42. Kh3 Qf5+ 43. Qxf5 exf5 44. d5 Nf7 45. Nf3
Nd6 46. Kg3 h6 47. Kf4 Kf7 48. Ke5 Ke7 49. Nd4 Kd7 50. Nc6 a5 51. Nb8+ Kc8 52.
Kxd6 Kxb8 53. Kc6 Kc8 54. Kxb6 a4 0-1

[Event "ChFraOpenD2011"]
[Site "Caen"]
[Date "2011.08.20"]
[Round "5.10"]
[White "Bougard, Olivier"]
[Black "Froment, Josephine"]
[Result "1-0"]
[WhiteElo "1450"]
[BlackElo "1322"]
[PlyCount "65"]

1. e4 c6 2. d4 d5 3. Nc3 dxe4 4. Nxe4 Nf6 5. Nxf6+ gxf6 6. Be3 Bf5 7. Bd3 Bxd3
8. Qxd3 e6 9. O-O-O Qc7 10. Nf3 Nd7 11. Rhe1 c5 12. Qc3 O-O-O 13. dxc5 Bxc5 14.
Bxc5 Qxc5 15. Rxd7 Qxc3 16. Rxd8+ Rxd8 17. bxc3 Kc7 18. Rd1 Rg8 19. g3 Rg4 20.
Rd4 f5 21. Rxg4 fxg4 22. Ne5 f5 23. Kd2 Kd8 24. Nf7+ Ke7 25. Ne5 Kd6 26. Nc4+
Kd5 27. Kd3 b5 28. Ne3+ Ke5 29. c4 bxc4+ 30. Nxc4+ Kd5 31. Nd2 h5 32. c4+ Kd6
33. f3 1-0

[Event "ChFraOpenD2011"]
[Site "Caen"]
[Date "2011.08.22"]
[Round "6.1"]
[White "Kneib, Bernard"]
[Black "Dupeux, Simeon"]
[Result "1-0"]
[WhiteElo "1498"]
[BlackElo "1493"]
[PlyCount "85"]

1. e4 c5 2. Nc3 d6 3. g3 g6 4. Bg2 Bg7 5. d3 Nc6 6. Nge2 Nf6 7. O-O O-O 8. h3
a6 9. Bg5 Bd7 10. Qd2 b5 11. a3 Qc8 12. Kh2 Ne5 13. f3 Rb8 14. Bh6 b4 15. axb4
Rxb4 16. b3 Qa8 17. Bxg7 Kxg7 18. f4 Nc6 19. e5 dxe5 20. fxe5 Ng8 21. Nd5 Rb7
22. Qc3 Rc8 23. e6+ f6 24. exd7 Rd8 25. Qxc5 Rb5 26. Qc3 Rxd7 27. Nxf6 Nxf6 28.
Bxc6 Rdb7 29. Bxb7 Qxb7 30. Nf4 Rg5 31. Ne6+ Kh6 32. Nxg5 Qd5 33. Nf3 Qh5 34.
Qd2+ Kg7 35. Kg2 Qd5 36. Ra5 Qd6 37. Qc3 Kf7 38. Ng5+ Kg7 39. Ne4 Qb6 40. Nxf6
Qb7+ 41. Ne4+ Kg8 42. Kh2 Qd7 43. Rxa6 1-0

[Event "ChFraOpenD2011"]
[Site "Caen"]
[Date "2011.08.22"]
[Round "6.2"]
[White "Ottl, Eric"]
[Black "Buyukyalcin-Moussa, Kadir"]
[Result "0-1"]
[WhiteElo "1484"]
[BlackElo "1490"]
[PlyCount "102"]

1. e4 e6 2. d4 d5 3. exd5 exd5 4. c4 c6 5. Nf3 Bd6 6. Nc3 Ne7 7. Bd3 Bf5 8. Be2
Nd7 9. Be3 O-O 10. O-O Qc7 11. Qd2 Nf6 12. c5 Ne4 13. Nxe4 dxe4 14. cxd6 Qxd6
15. Ne5 c5 16. Nc4 Qg6 17. Bf4 Rad8 18. Ne5 Qe6 19. Bc4 Nd5 20. Rad1 b5 21.
Bxd5 Rxd5 22. Be3 f6 23. f4 fxe5 24. fxe5 Rfd8 25. Qf2 Bg4 26. Bg5 Bxd1 27.
Bxd8 Rxd8 28. Rxd1 Qxe5 29. Rf1 Qxd4 30. g3 Rf8 31. Qxd4 Rxf1+ 32. Kxf1 cxd4
33. Ke2 Kf7 34. h3 Ke6 35. a3 Kd5 36. b3 a5 37. Kd2 a4 38. Kc2 axb3+ 39. Kxb3
e3 40. Kc2 Ke4 41. g4 d3+ 42. Kd1 Kf3 43. g5 e2+ 44. Kd2 Kf2 45. Kxd3 e1=Q 46.
h4 Qe3+ 47. Kc2 Qd4 48. h5 Ke2 49. g6 Qd3+ 50. Kb2 Kd2 51. gxh7 Qc2+ 0-1

[Event "ChFraOpenD2011"]
[Site "Caen"]
[Date "2011.08.22"]
[Round "6.3"]
[White "Wolfangel, Jocelyne"]
[Black "Pagandet, Eric"]
[Result "0-1"]
[WhiteElo "1438"]
[BlackElo "1499"]
[PlyCount "88"]

1. d4 d5 2. Nf3 e6 3. Nc3 c5 4. Bg5 Nf6 5. e3 cxd4 6. exd4 Be7 7. Bd3 O-O 8.
O-O b6 9. a3 Ba6 10. Be2 Bxe2 11. Nxe2 Ne4 12. Bxe7 Qxe7 13. c3 Nc6 14. Ng3
Nxg3 15. fxg3 Rac8 16. Re1 Na5 17. Nd2 Qc7 18. Rc1 Qd8 19. b4 Nc4 20. Nxc4 Rxc4
21. Re2 Qc7 22. Rec2 Rc8 23. Qe1 Qc6 24. Qd2 Qa4 25. Qe1 h6 26. h4 Qxa3 27. Ra1
Qb3 28. Qf2 Rxc3 29. Rxc3 Qxc3 30. Rxa7 Rf8 31. Kh2 Qxb4 32. Qa2 Qxd4 33. Qb1
Rb8 34. Qf1 Qf6 35. Qc1 b5 36. Rc7 b4 37. Rc8+ Rxc8 38. Qxc8+ Kh7 39. Qc2+ Qf5
40. Qb3 Qe4 41. Kh3 Qc4 42. Qf3 Qe4 43. Qxf7 Qf5+ 44. Qxf5+ exf5 0-1

[Event "ChFraOpenD2011"]
[Site "Caen"]
[Date "2011.08.22"]
[Round "6.4"]
[White "Hazarabedian, Guy"]
[Black "Roman, Sylvian"]
[Result "0-1"]
[WhiteElo "1454"]
[BlackElo "1406"]
[PlyCount "131"]

1. d4 Nf6 2. Nf3 d6 3. c4 g6 4. Nc3 Bg7 5. e4 O-O 6. Be2 e5 7. d5 Nbd7 8. Bg5
h6 9. Bxf6 Nxf6 10. Nd2 Bd7 11. Rb1 Qc8 12. O-O h5 13. Bf3 Kh7 14. b4 Rh8 15.
c5 a6 16. cxd6 cxd6 17. Ne2 Qd8 18. Nc4 Bb5 19. Nd2 Qd7 20. Re1 Rac8 21. Rc1
Bh6 22. Nc3 Bd3 23. Be2 Bxe2 24. Qxe2 Rc7 25. Rc2 Rhc8 26. Ndb1 b5 27. Qf3 Qe7
28. h3 Kg7 29. Ree2 Rc4 30. Qd3 Rxb4 31. Re1 Rd4 32. Qe2 Qa7 33. a3 Rcc4 34.
Kh1 Nd7 35. f3 Bf4 36. Qf2 Nc5 37. Qf1 Bg3 38. Ree2 Nd3 39. Nd1 Rxc2 40. Rxc2
Rc4 41. Qxd3 Rxc2 42. Qxc2 Qd4 43. Nbc3 Qc4 44. Qe2 Qd4 45. Qe3 Qc4 46. Qe2 Qd4
47. Qe3 Qc4 48. Ne2 h4 49. Nxg3 hxg3 50. Kg1 Qc2 51. Qe1 Qc5+ 52. Kf1 Qxa3 53.
Qxg3 Qd3+ 54. Ke1 b4 55. Qf2 b3 56. Qd2 Qb5 57. Nb2 a5 58. Qd3 Qb4+ 59. Qd2 Qa3
60. Nd1 a4 61. Nb2 Qa1+ 62. Nd1 a3 63. Ke2 b2 64. Nc3 a2 65. Qc2 b1=Q 66. Nxb1
0-1

[Event "ChFraOpenD2011"]
[Site "Caen"]
[Date "2011.08.22"]
[Round "6.5"]
[White "Lagel, Nicolas"]
[Black "Bougard, Olivier"]
[Result "0-1"]
[WhiteElo "1428"]
[BlackElo "1450"]
[PlyCount "52"]

1. e4 c5 2. d4 cxd4 3. c3 dxc3 4. Nxc3 e6 5. Bc4 Qc7 6. Qe2 Bb4 7. Nf3 Ne7 8.
Bd2 Bxc3 9. Bxc3 O-O 10. O-O d5 11. exd5 exd5 12. Bb3 Nbc6 13. Rac1 Bg4 14. Bb4
Rfe8 15. Bxe7 Rxe7 16. Qd3 Qd7 17. Qxd5 Qxd5 18. Bxd5 Nb4 19. Bxf7+ Kxf7 20.
Ng5+ Kg6 21. f3 Bf5 22. h4 h6 23. Nh3 Bxh3 24. gxh3 Rae8 25. a3 Nd3 26. Rcd1
Nf4 0-1

[Event "ChFraOpenD2011"]
[Site "Caen"]
[Date "2011.08.22"]
[Round "6.6"]
[White "Mills, Simon"]
[Black "Apap, Titouan"]
[Result "1-0"]
[WhiteElo "1490"]
[BlackElo "1387"]
[PlyCount "73"]

1. e4 c5 2. Nf3 d6 3. d4 cxd4 4. Qxd4 Nc6 5. Bb5 Qa5+ 6. Nc3 Bd7 7. Bxc6 Bxc6
8. Bd2 e6 9. Nd5 Qd8 10. Nb4 Be7 11. Nxc6 bxc6 12. Qa4 Qc7 13. O-O Nf6 14. Rfe1
O-O 15. e5 dxe5 16. Nxe5 Bd6 17. Nf3 Rab8 18. Rab1 Ng4 19. Qxg4 Rbe8 20. Bc3 f5
21. Qc4 Kh8 22. Be5 Bxe5 23. Nxe5 c5 24. Nd3 Qd6 25. Qxc5 Qxc5 26. Nxc5 Rf6 27.
Re2 e5 28. Rbe1 Rd6 29. Nd3 e4 30. f3 Ree6 31. fxe4 fxe4 32. Nc5 Re5 33. Rxe4
Rxe4 34. Rxe4 Rd8 35. Nd3 h6 36. Re2 g5 37. Kf1 1-0

[Event "ChFraOpenD2011"]
[Site "Caen"]
[Date "2011.08.22"]
[Round "6.7"]
[White "Caldarola, Stephane"]
[Black "Darpoux, Danielle"]
[Result "1-0"]
[WhiteElo "1499"]
[BlackElo "1380"]
[PlyCount "52"]

1. d4 d5 2. c4 Nf6 3. Nc3 e6 4. Nf3 Bb4 5. Bg5 Nbd7 6. Rc1 c6 7. e3 Qa5 8. Qb3
Bxc3+ 9. bxc3 O-O 10. Bd3 Qc7 11. Bf4 Qd8 12. O-O b6 13. cxd5 exd5 14. c4 a5
15. cxd5 cxd5 16. Rc7 Nh5 17. Bd6 Re8 18. Qxd5 Ndf6 19. Qxa8 Qxd6 20. Rxc8 Rf8
21. Rxf8+ Qxf8 22. Qxf8+ Kxf8 23. g3 g6 24. a4 Ng7 25. e4 Nd7 26. Nd2 f6 1-0